The Impact of Internet Usage on Female Employment in Pakistan: (Record no. 566127)

000 -LEADER
fixed length control field 00664nam a22001817a 4500
020 ## - INTERNATIONAL STANDARD BOOK NUMBER
Qualifying information Hard Cover.
082 ## - DEWEY DECIMAL CLASSIFICATION NUMBER
Classification number 330
100 ## - MAIN ENTRY--PERSONAL NAME
Personal name Malik Taimour Ejaz : Muhammad Adnan Mirza : Talha Hassan
245 ## - TITLE STATEMENT
Title The Impact of Internet Usage on Female Employment in Pakistan:
Remainder of title A Cross-Sectional Study /
Statement of responsibility, etc. Ejaz, Malik Taimour : Muhammad, Adnan : Hassan, Talha
260 ## - PUBLICATION, DISTRIBUTION, ETC.
Place of publication, distribution, etc. Islamabad:
Name of publisher, distributor, etc. S3H NUST,
Date of publication, distribution, etc. 2021.
300 ## - PHYSICAL DESCRIPTION
Extent 37 p. :
Other physical details ill. ;
Dimensions 30cm.
563 ## - BINDING INFORMATION
Binding note HB
650 ## - SUBJECT ADDED ENTRY--TOPICAL TERM
Topical term or geographic name entry element BS-Economics
700 ## - ADDED ENTRY--PERSONAL NAME
Personal name Dr. Verda Salman
856 ## - Uniform Resource Identifier
Uniform Resource Identifier <a href="http://10.250.8.41:8080/xmlui/handle/123456789/24493">http://10.250.8.41:8080/xmlui/handle/123456789/24493</a>
942 ## - ADDED ENTRY ELEMENTS (KOHA)
Source of classification or shelving scheme
Koha item type Project Report
700 ## - ADDED ENTRY--PERSONAL NAME
-- 18160
Holdings
Withdrawn status Lost status Source of classification or shelving scheme Damaged status Not for loan Permanent Location Current Location Shelving location Date acquired Full call number Barcode Date last seen Price effective from Koha item type
WITHDRAWN         Central Library (CL) Central Library (CL) Thesis 06/10/2021 330 CL-BP-665 06/10/2021 06/10/2021 Project Report
© 2023 Central Library, National University of Sciences and Technology. All Rights Reserved.